[Event "Challenge"]
[Site "http://www.queenalice.com/game.php?id=1861467"]
[Date "2025.8.11"]
[Round "-"]
[White "iliov2008"]
[Black "Leanne"]
[Result "1-0"]
[WhiteElo "1490"]
[BlackElo "1302"]

1. e4 e5 2. Nc3 Nf6 3. Nf3 Nc6 4. a4 b6 5. h4 Bb7 6. Bb5 Nd4 7. Nxd4 exd4 8. Nd5
Nxd5 9. exd5 Bxd5 10. c3 Qe7+ 11. Be2 O-O-O 12. cxd4 Bxg2 13. Rh2 Bf3 14. Ra3
Bxe2 15. Qxe2 Qf6 16. d3 Bxa3 17. bxa3 Rhe8 18. Be3 Qd6 19. Rh3 Qxa3 20. Qd1 1-0

[Event "Challenge"]
[Site "http://www.queenalice.com/game.php?id=1861912"]
[Date "2025.8.23"]
[Round "-"]
[White "Leanne"]
[Black "iliov2008"]
[Result "1-0"]
[WhiteElo "1281"]
[BlackElo "1498"]

1. e4 e5 2. f4 d6 3. Nc3 exf4 4. d3 Nf6 5. Bxf4 Bg4 6. Be2 Bxe2 7. Qxe2 Nc6 8.
Nf3 h5 9. O-O-O d5 10. exd5+ Be7 11. dxc6 bxc6 12. Bg5 a5 13. Bxf6 gxf6 14. a3
h4 15. d4 Rh5 16. Kb1 h3 17. gxh3 Rxh3 18. Rhg1 Rh8 19. d5 c5 20. Qb5+ Qd7 21.
Qc4 Rh3 22. Qe4 f5 23. Ne5 Qd6 24. Rg8+ Bf8 25. Nc6+ Kd7 26. Qxf5+ Ke8 27. Re1+
Qe6 28. dxe6 fxe6 29. Qxe6# 1-0

[Event "Challenge"]
[Site "http://www.queenalice.com/game.php?id=1861913"]
[Date "2025.8.23"]
[Round "-"]
[White "iliov2008"]
[Black "Leanne"]
[Result "0-1"]
[WhiteElo "1473"]
[BlackElo "1336"]

1. Nc3 e5 2. e4 Nf6 3. f3 Nc6 4. Bb5 Nd4 5. d3 Nxb5 6. Nxb5 Be7 7. Bg5 d5 8. a4
Bd7 9. exd5 Nxd5 10. Bxe7 Qxe7 11. c4 Ne3 12. Qe2 Qh4+ 13. g3 Qd4 14. Nxc7+ Ke7
15. Nxa8 Rxa8 16. h4 Nf5 17. g4 Ng3 18. Qh2 Nxh1 19. Qxh1 Qxb2 20. Rd1 Bxa4 21.
Rd2 Bc2 22. h5 Qc1+ 23. Ke2 Rd8 24. Qh2 Bxd3+ 25. Rxd3 Qc2+ 26. Kf1 Qxd3+ 27.
Ne2 Qxc4 28. Kf2 f6 29. h6 gxh6 30. Qxh6 Qf7 31. Qe3 b6 32. Qa3+ Ke8 33. Qa4+
Qd7 34. Qe4 f5 35. Qxe5+ Kf7 36. gxf5 Re8 37. Qb2 Qe7 38. Nf4 Qh4+ 39. Kg2 Qxf4
40. Kf2 Qh2+ 41. Kf1 Qxb2 42. f4 Qe2+ 43. Kg1 Rg8+ 44. Kh1 Qg2# 0-1

[Event "Challenge"]
[Site "http://www.queenalice.com/game.php?id=1863409"]
[Date "2025.9.25"]
[Round "-"]
[White "gizmokaka"]
[Black "iliov2008"]
[Result "1-0"]
[WhiteElo "2787"]
[BlackElo "1499"]

1. d4 d5 2. c4 e6 3. a3 a5 4. Nc3 h5 5. Nf3 dxc4 6. e4 c5 7. d5 f6 8. Bxc4 Ne7
9. O-O h4 10. dxe6 Qxd1 11. Rxd1 Nbc6 12. Nb5 Bxe6 13. Bxe6 Ng6 14. Nc7+ Ke7 15.
Rd7# 1-0

[Event "Challenge"]
[Site "http://www.queenalice.com/game.php?id=1863410"]
[Date "2025.9.25"]
[Round "-"]
[White "iliov2008"]
[Black "gizmokaka"]
[Result "0-1"]
[WhiteElo "1497"]
[BlackElo "2788"]

1. e4 e5 2. Nc3 Bc5 3. Nf3 d6 4. Bb5+ c6 5. Ba4 a5 6. h4 b5 7. d3 bxa4 8. Nxa4
Ba7 9. Be3 Bxe3 10. fxe3 Bg4 11. O-O Nf6 12. c4 Nbd7 13. d4 O-O 14. dxe5 Nxe5
15. c5 Nxe4 16. Nc3 Bxf3 17. gxf3 Nxc3 18. bxc3 Qxh4 19. Rf2 Qg3+ 20. Rg2 Nxf3+
21. Kh1 Qh4+ 22. Rh2 Qxh2# 0-1

[Event "Challenge"]
[Site "http://www.queenalice.com/game.php?id=1864769"]
[Date "2025.10.27"]
[Round "-"]
[White "Renie"]
[Black "iliov2008"]
[Result "0-1"]
[WhiteElo "1500"]
[BlackElo "1486"]

1. c4 e5 2. a3 Nf6 3. d3 Nc6 4. Nc3 d6 5. e4 Bg4 6. f3 Bh5 7. g4 Bg6 8. Bg5 h6
9. Bxf6 gxf6 10. Nge2 Nd4 11. Bg2 a5 12. Qa4+ c6 13. f4 Nxe2 14. Nxe2 h5 15.
fxe5 fxe5 16. O-O-O hxg4 17. Ng3 Bh6+ 18. Kb1 Qd7 19. b4 b5 20. cxb5 cxb5 21.
Qc2 axb4 22. axb4 Qa7 23. Kb2 Qa2+ 24. Kc3 Ra3+ 0-1

[Event "Challenge"]
[Site "http://www.queenalice.com/game.php?id=1866235"]
[Date "2025.11.28"]
[Round "-"]
[White "Leanne"]
[Black "iliov2008"]
[Result "0-1"]
[WhiteElo "1401"]
[BlackElo "1470"]

1. d4 e6 2. c4 Nc6 3. d5 exd5 4. cxd5 Ne5 5. e4 a5 6. Nc3 Bb4 7. Bd2 h5 8. Be2
Bxc3 9. Bxc3 f6 10. Nf3 d6 11. Bb5+ c6 12. dxc6 bxc6 13. Be2 Bg4 14. O-O Bxf3
15. Bxf3 Nxf3+ 16. Qxf3 d5 17. Rad1 h4 18. exd5 c5 19. Qe4+ Ne7 20. d6 f5 21.
d7+ Kf7 22. Qc4+ Kf8 23. Qe6 Ra7 24. Qxe7+ Kxe7 25. Rfe1+ Kf7 26. Re8 Rxe8 27.
g3 Rxd7 28. Rxd7+ Qxd7 29. Bxa5 Qd1+ 30. Kg2 Rh8 31. gxh4 Qd5+ 32. f3 c4 33. b3
Qxa5 0-1

[Event "Challenge"]
[Site "http://www.queenalice.com/game.php?id=1866236"]
[Date "2025.11.28"]
[Round "-"]
[White "iliov2008"]
[Black "Leanne"]
[Result "0-1"]
[WhiteElo "1490"]
[BlackElo "1381"]

1. e4 c5 2. d3 Nc6 3. a4 e5 4. Nf3 Nf6 5. Bg5 h6 6. Bxf6 Qxf6 7. Nc3 Nd4 8. Nd5
Qd6 9. h4 b6 10. a5 bxa5 11. Rxa5 Bb7 12. c3 Nxf3+ 13. gxf3 f5 14. d4 exd4 15.
cxd4 cxd4 16. Bh3 O-O-O 17. Bxf5 g6 18. Bg4 Bg7 19. Rxa7 Rhe8 20. Qa4 Bxd5 21.
Qc2+ Bc6 22. Kd2 Qb4+ 23. Kc1 Qb6 24. Ra3 Kb8 25. Kd2 d5 26. exd5 Bxd5 27. Rha1
Kb7 28. b3 d3 29. Qb1 Qxf2+ 30. Kxd3 Bxb3+ 31. Bd7 Rxd7# 0-1

[Event "Challenge"]
[Site "http://www.queenalice.com/game.php?id=1867502"]
[Date "2026.1.2"]
[Round "-"]
[White "Leanne"]
[Black "iliov2008"]
[Result "0-1"]
[WhiteElo "1328"]
[BlackElo "1483"]

1. d4 e6 2. c4 Nc6 3. e3 Bb4+ 4. Bd2 Nf6 5. Bxb4 Nxb4 6. Bd3 a5 7. Nf3 h5 8. O-O
Ng4 9. h3 Nf6 10. d5 exd5 11. cxd5 Nfxd5 12. Be4 Qf6 13. Nc3 Nxc3 14. bxc3 Qxc3
15. Rb1 Nxa2 16. Qb3 Qxb3 17. Rxb3 d6 18. Bxb7 Bxb7 19. Rxb7 Nc3 20. Re1 a4 0-1